| 000 | 00433nam a22001457a 4500 | ||
|---|---|---|---|
| 082 |
_a610.3 _bBLA _cL-31, P-16 |
||
| 100 |
_aBlakiston _940230 |
||
| 245 | _aBlankiston's Illustrated pocket medical dictionary | ||
| 250 | _a2nd ed | ||
| 260 |
_aLondon _bMcGraw Hill Book Company, Inc. _cc 1960 |
||
| 300 |
_avarious pages _bill.; _c24cm |
||
| 526 |
_a0 _b0 _c0 _d610_300000000000000_BLA |
||
| 650 |
_aNUST / MCE _926909 |
||
| 942 |
_2ddc _cBK |
||
| 999 |
_c544572 _d544572 |
||